[Event "Amantea op-B 7th"]
[Site "Amantea"]
[Date "2009.08.31"]
[Round "1"]
[White "Pugliese, Stefano"]
[Black "Lodi, Paolo"]
[Result "0-1"]
[WhiteElo "1440"]
[BlackElo "1706"]
[PlyCount "74"]
[EventDate "2009.08.31"]
[EventType "swiss"]
[EventRounds "8"]
[EventCountry "ITA"]
[SourceTitle "CBM 132 Extra"]
[Source "ChessBase"]
[SourceDate "2009.11.03"]
[SourceVersion "1"]
[SourceVersionDate "2009.11.03"]
[SourceQuality "1"]

1. e4 e6 2. c4 c6 3. h4 Ne7 4. Nc3 d5 5. Nf3 dxe4 6. Nxe4 Nf5 7. g4 Nd6 8. Neg5 h6 9. Nh3 Be7 10. g5 hxg5 11. hxg5 Ne4 12. d3 Bb4+ 13. Bd2 Nxd2 14. Nxd2 Qd4 15. a3 Bc5 16. Bg2 Rxh3 17. Rf1 Rxd3 18. Qa4 Rxd2 19. Qb3 Rxf2 20. Rxf2 Qxf2+ 21. Kd1 Qg1+ 22. Kc2 Qxg2+ 23. Kb1 Qf1+ 24. Ka2 Qf4 25. Rd1 Bd4 26. Qd3 c5 27. b4 b6 28. a4 Nc6 29. bxc5 Nb4+ 30. Ka3 Nxd3 31. Rxd3 Bxc5+ 32. Kb3 Ba6 33. Rh3 Qxc4+ 34. Kb2 Bd4+ 35. Kb1 Qb4+ 36. Rb3 Qxb3+ 37. Kc1 Be3# 0-1